000
00226nam a2200085Ia 4500
245
0
_a
An element of magic
100
_a
MORRISON, Karen Cambridge, 2009
_9
38888
942
_c
BK
008
210818s9999 xx 000 0 und d
999
_c
427127
_d
427126